Pole to pole / (Record no. 5517)

MARC details
000 -LEADER
fixed length control field 00956nam a22002777a 4500
001 - CONTROL NUMBER
control field 5517
003 - CONTROL NUMBER IDENTIFIER
control field FISKH
005 - DATE AND TIME OF LATEST TRANSACTION
control field 20250620103939.0
008 - FIXED-LENGTH DATA ELEMENTS--GENERAL INFORMATION
fixed length control field 241216b cb ||||| |||| 00| 0 eng d
020 ## - INTERNATIONAL STANDARD BOOK NUMBER
International Standard Book Number 9780764106392
040 ## - CATALOGING SOURCE
Original cataloging agency FISKH
Language of cataloging eng
Transcribing agency FISKH
Modifying agency FISKH
050 ## - LIBRARY OF CONGRESS CALL NUMBER
Classification number QH541.P6
082 ## - DEWEY DECIMAL CLASSIFICATION NUMBER
Classification number 577.0911
100 ## - MAIN ENTRY--PERSONAL NAME
Personal name Taylor, Barbara
245 ## - TITLE STATEMENT
Title Pole to pole /
Statement of responsibility, etc. by Barbara Taylor
260 ## - PUBLICATION, DISTRIBUTION, ETC.
Place of publication, distribution, etc. New York :
Name of publisher, distributor, etc. Barron's Educational Series, Inc ;
Date of publication, distribution, etc. 1999.
300 ## - PHYSICAL DESCRIPTION
Extent 31 pages :
Other physical details color illustrations ;
Dimensions 25 cm .
490 ## - SERIES STATEMENT
Series statement The Natural World
505 ## - FORMATTED CONTENTS NOTE
Formatted contents note S <br/>
520 ## - SUMMARY, ETC.
Summary, etc. Focusing on the wildlife, each book in this series shows how the different regions of the world are home to a diverse range of animal and plant species, all of which co-exist and depend on each other for survival.
521 8# - TARGET AUDIENCE NOTE
Target audience note 800 <br/>
Source Lexile estimate <br/>
521 8# - TARGET AUDIENCE NOTE
Target audience note S <br/>
Source Raz-Plus <br/>
650 ## - SUBJECT ADDED ENTRY--TOPICAL TERM
Topical term or geographic name entry element habitats
Form subdivision Non-fiction
942 ## - ADDED ENTRY ELEMENTS (KOHA)
Source of classification or shelving scheme Dewey Decimal Classification
Koha item type Books
Suppress in OPAC No
Holdings
Withdrawn status Lost status Source of classification or shelving scheme Damaged status Not for loan Collection Home library Current library Shelving location Date acquired Total Checkouts Full call number Barcode Date last seen Copy number Price effective from Koha item type
    Dewey Decimal Classification     Non-Fiction Footprints International School Library Network Toul Tom Poung Campus Footprints International School Library Network Toul Tom Poung Campus TTP Secondary Non-Fiction Bookshelves 12/16/2024   TAY 577.0911 QH541.P6 FIS01328 12/16/2024 1 12/16/2024 Books
    Dewey Decimal Classification     Non-Fiction Footprints International School Library Network Toul Tom Poung Campus Footprints International School Library Network Toul Tom Poung Campus TTP Secondary Non-Fiction Bookshelves 06/20/2025   TAY 577.0911 QH541.P6 FIS01455 06/20/2025 2 06/20/2025 Books